日本の大手私鉄 - Statistics

General Stats
  • This quiz has been taken 418 times
  • The average score is 14 of 16
Answer Stats
Answer % Correct
西武鉄道
93%
近畿日本鉄道
93%
阪急電鉄
93%
東武鉄道
92%
阪神電気鉄道
91%
京浜急行電鉄
89%
東急電鉄
89%
名古屋鉄道
89%
西日本鉄道
86%
小田急電鉄
84%
京王電鉄
84%
京成電鉄
81%
東京地下鉄
81%
京阪電気鉄道
81%
南海電気鉄道
81%
相模鉄道
73%
No matching quizzes found
Score Distribution
Percent of People with Each Score
Percentile by Number Answered
Your Score History
You have not taken this quiz